000 00781nam a2200229Ii 4500
003 JO-AjNU
008 230605s9999||||xx |||||||||||||| ||und||
017 _a2010/5/1798
020 _a978-9957-24-6259-9
040 _aJO-AjNU
_bara
_erda
_cJO-AjNU
041 _aara
050 1 4 _aLB1027.5.H399 2011
100 3 _aالحياني،صبري بردان علي,
_eauthor
_929902
245 0 0 _aالإرشاد التربوي والنفسي الإسلامي ونظرياته
250 _aط1
264 3 1 _aعمان:دار الصفاء،2011
300 _a343ص
336 _atext
_btxt
_2rdacontent
337 _aunmediated
_bn
_2rdamedia
338 _avolume
_bnc
_2rdacarrier
650 4 _aالإسلام والإرشاد النفسي-علم النفس الإسلامي
_929903
999 _aA11787
_c15355
_d15355